000
00335 a2200157 4500
001
161011
020
_a
040
_c
Magnum
100
_a
Lukacs, John
240
1
0
_a
A ultima guerra europeia
_l
por
245
1
0
_a
A ultima guerra europeia
362
0
_a
1899
440
1
_a
Nova Fronteira
697
_a
HISTORIA GERAL
942
_c
BK
999
_c
161011
_d
161011